Writing a report

Bibliographic Details
Main Author: FLETCHER
Format: Book
Published: Petaling Jaya : Pelanduk Pub. , 1996
Subjects:

MARC

LEADER 00000cam a2200000 7i4500
001 0000000193
005 20000718.0
020 0 0 |a 9679782395 
090 0 0 |a 808.066651   |b FLE 1996 
100 1 0 |a FLETCHER   |h John 
245 1 0 |a Writing a report   |c John Fletcher 
260 0 0 |a Petaling Jaya :   |b Pelanduk Pub. ,   |c 1996 
300 |a viii, 68 p. :   |b ill. ;   |c 22 cm. 
500 0 0 |a Bibliography: [p. 66] 
650 0 0 |a Business report writing 
650 0 0 |a Report writing 
999 |a 0000001367   |b Monograph   |c Open Shelf   |e Default branch